000
00245nam a2200097 a 4500
005
20200929164933.0
008
100308s1986 000 spa d
245
0
_a
Educación y lucha de clase.
260
_a
Santo Domingo,
_c
1986.
999
_c
16140
_d
16140
040
_a
DO-SdBNP